Countries That Eat the Most Peanut Butter - Statistics

General Stats
  • This quiz has been taken 75 times
  • The average score is 7 of 10
Answer Stats
# Country % Correct
156 United States
99%
418 China
88%
161 India
84%
115 Japan
81%
80.5 Germany
78%
83.4 Brazil
76%
90.2 Russia
69%
93.2 Indonesia
56%
74.1 Pakistan
50%
75.7 Nigeria
40%
No matching quizzes found
Score Distribution
Percent of People with Each Score
Percentile by Number Answered
Your Score History
You have not taken this quiz